000 00630nam a22001937a 4500
999 _c10563
_d10563
003 AR-CdUCM
008 190401b ||||| |||| 00| 0 spa d
040 _aMUNICIPALIDAD PROVINCIAL DEL CUSCO
_cBIBLIOTECA MUNICIPAL DEL CUSCO
082 _aE / 372.460 /
_bP77
100 _aPonce delgado, Emilio
_927505
245 _aMis lecturas escogidas 6 grado :
_bLibro de practica de lectura /
260 _aLima :
_bMis lecturas escogidas,
300 _a159 páginas ;
_bimágenes,
_c29 cm.
505 _aCuaderno d lectura.
650 _aCuentos.
_9217
650 _aCuaderno de lectura.
_927506
942 _2ddc
_cLIBROS
945 _awfj